NFL players colleges #2 - Statistics

General Stats
  • This quiz has been taken 141 times
  • The average score is 8 of 19
Answer Stats
Hint Answer % Correct
Daniel Jones Duke
89%
Geno Smith West Virginia
71%
Melvin Gordon Wisconsin
67%
Donovan Peoples-Jones Michigan
60%
Richard Sherman Stanford
54%
Gardner Minshew Washington St
53%
Talanoa Hufanga USC
48%
Tyler Lockett Kansas St
46%
Colin Kaepernick Nevada
44%
Phillip Lindsay Colorado
33%
Jay Ajayi Boise St
28%
Devin McCourty Rutgers
27%
Jaylen Warren Utah St/Oklahoma St/Snow
27%
Josh Reynolds Texas A&M
24%
Eric Ebron North Carolina
21%
Dallas Goedert South Dakota St
20%
Austin Ekeler Western Colorado
20%
Byron Jones Uconn
13%
Marques Colston Hofstra
8%
No matching quizzes found
Score Distribution
Percent of People with Each Score
Percentile by Number Answered
Your Score History
You have not taken this quiz